[Event "DEM U8 2024"]
[Site "Willingen GER"]
[Date "2024.05.22"]
[Round "1"]
[White "Stanisic, Lukas"]
[Black "Wang, Kaichen"]
[Result "0-1"]
[Termination "normal"]
[Board "5"]
[WhiteElo "1677"]
[BlackElo "1599"]
[WhiteClock "00:15:45"]
[BlackClock "00:38:51"]
[PlyCount "86"]
[WhiteFideId "79316433"]
[BlackFideId "34626891"]
[EventCountry "GER"]
[EventRounds "7"]
[EventType "swiss"]
[EventDate "2024.05.21"]

1. e4 {[%clk 01:00:29]} c5 {[%emt 00:00:03]} 2. Nf3 {[%clk 01:00:28]} {[%emt
00:00:14]} a6 {[%clk 01:00:35]} {[%emt 00:00:06]} 3. d4 {[%clk 01:00:23]}
{[%emt 00:00:23]} cxd4 {[%clk 01:00:40]} {[%emt 00:00:09]} 4. Nxd4 {[%clk
01:00:25]} {[%emt 00:00:14]} Nf6 {[%clk 01:00:48]} {[%emt 00:00:05]} 5. Nc3
{[%clk 01:00:26]} {[%emt 00:00:16]} e5 {[%clk 01:00:54]} {[%emt 00:00:09]} 6.
Nb3 {[%clk 00:59:48]} {[%emt 00:00:53]} Bb4 {[%clk 01:01:06]} {[%emt 00:00:03]}
7. Bd3 {[%clk 00:59:00]} {[%emt 00:01:03]} Bxc3+ {[%clk 01:01:00]} {[%emt
00:00:22]} 8. bxc3 {[%clk 00:59:00]} {[%emt 00:00:13]} d6 {[%clk 01:00:58]}
{[%emt 00:00:19]} 9. O-O {[%clk 00:57:34]} {[%emt 00:01:40]} O-O {[%clk
01:01:05]} {[%emt 00:00:09]} 10. Bg5 {[%clk 00:56:03]} {[%emt 00:01:45]} h6
{[%clk 01:00:57]} {[%emt 00:00:22]} 11. Bh4 {[%clk 00:54:48]} {[%emt 00:01:29]}
Nc6 {[%clk 01:00:32]} {[%emt 00:00:44]} 12. h3 {[%clk 00:53:42]} {[%emt
00:01:14]} Re8 {[%clk 01:00:35]} {[%emt 00:00:17]} 13. Bg3 {[%clk 00:52:14]}
{[%emt 00:01:41]} Qe7 {[%clk 01:00:03]} {[%emt 00:00:48]} 14. Re1 {[%clk
00:51:36]} {[%emt 00:00:51]} b6 {[%clk 00:59:40]} {[%emt 00:00:41]} 15. c4
{[%clk 00:47:49]} {[%emt 00:04:02]} Bb7 {[%clk 00:59:13]} {[%emt 00:00:42]} 16.
Re3 {[%clk 00:46:18]} {[%emt 00:01:41]} Rad8 {[%clk 00:58:27]} {[%emt
00:01:04]} 17. Rf3 {[%clk 00:44:09]} {[%emt 00:02:19]} a5 {[%clk 00:56:48]}
{[%emt 00:02:00]} 18. Bh4 {[%clk 00:43:22]} {[%emt 00:01:00]} g5 {[%clk
00:56:38]} {[%emt 00:00:26]} 19. Bg3 {[%clk 00:41:16]} {[%emt 00:02:16]} Nb4
{[%clk 00:55:38]} {[%emt 00:01:21]} 20. h4 {[%clk 00:38:00]} {[%emt 00:03:31]}
Nxd3 {[%clk 00:54:53]} {[%emt 00:01:01]} 21. cxd3 {[%emt 00:04:34]} Bc6 {[%clk
00:51:58]} 22. hxg5 {[%clk 00:35:30]} {[%emt 00:01:34]} hxg5 {[%clk 00:52:03]}
{[%emt 00:00:10]} 23. Rf5 {[%clk 00:35:15]} {[%emt 00:00:27]} Nh7 {[%clk
00:52:01]} {[%emt 00:00:21]} 24. Rf3 {[%clk 00:33:26]} {[%emt 00:02:02]} Bd7
{[%clk 00:50:16]} {[%emt 00:02:02]} 25. Re3 {[%clk 00:32:46]} {[%emt 00:00:52]}
a4 {[%clk 00:48:50]} {[%emt 00:01:44]} 26. Nc1 {[%clk 00:31:34]} {[%emt
00:01:27]} b5 {[%clk 00:48:41]} {[%emt 00:00:24]} 27. d4 {[%clk 00:30:09]}
{[%emt 00:01:32]} bxc4 {[%clk 00:47:54]} {[%emt 00:01:09]} 28. dxe5 {[%clk
00:27:45]} {[%emt 00:02:40]} dxe5 {[%clk 00:47:59]} {[%emt 00:00:11]} 29. Qe2
{[%clk 00:26:59]} {[%emt 00:00:55]} Bb5 {[%clk 00:47:11]} {[%emt 00:01:07]} 30.
Bh2 {[%clk 00:25:40]} {[%emt 00:01:24]} c3 {[%clk 00:45:57]} {[%emt 00:01:40]}
31. Qh5 {[%clk 00:24:15]} {[%emt 00:01:34]} c2 {[%clk 00:45:01]} {[%emt
00:01:17]} 32. Re1 {[%clk 00:23:43]} {[%emt 00:00:42]} Qb4 {[%clk 00:44:16]}
{[%emt 00:01:06]} 33. Nd3 {[%clk 00:21:46]} {[%emt 00:02:12]} Rxd3 {[%clk
00:41:30]} {[%emt 00:03:02]} 34. Rac1 {[%clk 00:18:37]} {[%emt 00:03:21]} Rd2
{[%clk 00:41:35]} {[%emt 00:00:10]} 35. Qg4 {[%clk 00:17:13]} {[%emt 00:01:35]}
Be2 {[%clk 00:41:24]} {[%emt 00:00:31]} 36. f3 {[%clk 00:16:45]} {[%emt
00:00:41]} Red8 {[%clk 00:40:36]} {[%emt 00:01:05]} 37. Bxe5 {[%clk 00:16:29]}
{[%emt 00:00:30]} Rd1 {[%clk 00:40:15]} {[%emt 00:00:38]} 38. Rexd1 {[%clk
00:16:09]} {[%emt 00:00:36]} Rxd1+ {[%clk 00:40:08]} {[%emt 00:00:21]} 39. Rxd1
{[%clk 00:15:50]} {[%emt 00:00:35]} cxd1=Q+ {[%clk 00:39:18]} {[%emt 00:00:21]}
40. Kh2 {[%clk 00:16:04]} Bxf3 {[%clk 00:38:56]} {[%emt 00:01:22]} 41. gxf3
{[%clk 00:15:51]} {[%emt 00:00:28]} Qbd2+ {[%clk 00:39:02]} {[%emt 00:00:09]}
42. Kh3 {[%clk 00:15:46]} {[%emt 00:00:18]} Qh1+ {[%clk 00:39:04]} {[%emt
00:00:14]} 43. Kg3 {[%clk 00:15:45]} {[%emt 00:00:16]} Qdg2# {[%clk 00:38:51]}
{[%emt 00:00:11]} 0-1

[Event "DEM U8 2024"]
[Site "Willingen GER"]
[Date "2024.05.22"]
[Round "1"]
[White "Fritsch, Julian"]
[Black "Nune, Likhith Siddharth"]
[Result "0-1"]
[Termination "normal"]
[Board "6"]
[WhiteElo "1136"]
[BlackElo "1517"]
[WhiteClock "00:22:53"]
[BlackClock "00:47:37"]
[PlyCount "118"]
[WhiteFideId "34626964"]
[BlackFideId "34670823"]
[EventCountry "GER"]
[EventRounds "7"]
[EventType "swiss"]
[EventDate "2024.05.21"]

1. e4 {[%clk 01:00:28]} e5 {[%clk 01:00:21]} {[%emt 00:00:09]} 2. Nf3 {[%clk
01:00:36]} {[%emt 00:00:07]} Nc6 {[%clk 01:00:32]} {[%emt 00:00:05]} 3. Bc4
{[%clk 01:00:41]} {[%emt 00:00:09]} f5 {[%clk 01:00:39]} {[%emt 00:00:08]} 4.
d3 {[%clk 01:00:19]} {[%emt 00:00:36]} Bc5 {[%clk 01:00:47]} {[%emt 00:00:08]}
5. Bg5 {[%clk 00:59:50]} {[%emt 00:00:44]} Nf6 {[%clk 01:00:45]} {[%emt
00:00:17]} 6. O-O {[%clk 00:59:26]} {[%emt 00:00:39]} f4 {[%clk 01:00:53]}
{[%emt 00:00:07]} 7. c3 {[%clk 00:57:39]} {[%emt 00:02:02]} h6 {[%clk
01:00:57]} {[%emt 00:00:12]} 8. Bxf6 {[%clk 00:57:31]} {[%emt 00:00:23]} Qxf6
{[%clk 01:01:05]} {[%emt 00:00:07]} 9. Nbd2 {[%clk 00:56:28]} {[%emt 00:01:17]}
g5 {[%clk 01:00:58]} {[%emt 00:00:22]} 10. Qb3 {[%clk 00:55:04]} {[%emt
00:01:39]} g4 {[%clk 01:00:51]} {[%emt 00:00:22]} 11. Ne1 {[%clk 00:54:50]}
{[%emt 00:00:29]} g3 {[%clk 01:00:53]} {[%emt 00:00:14]} 12. hxg3 {[%clk
00:53:27]} {[%emt 00:01:37]} fxg3 {[%clk 01:01:01]} {[%emt 00:00:07]} 13. Nef3
{[%clk 00:50:55]} {[%emt 00:02:47]} h5 {[%clk 01:00:29]} {[%emt 00:00:47]} 14.
Qd1 {[%clk 00:48:58]} {[%emt 00:02:11]} h4 {[%clk 01:00:17]} {[%emt 00:00:28]}
15. b4 {[%clk 00:48:00]} {[%emt 00:01:13]} Bxf2+ {[%clk 00:59:11]} {[%emt
00:01:21]} 16. Rxf2 {[%clk 00:47:09]} {[%emt 00:01:05]} gxf2+ {[%clk 00:58:53]}
{[%emt 00:00:34]} 17. Kxf2 {[%clk 00:47:04]} {[%emt 00:00:19]} h3 {[%clk
00:58:32]} {[%emt 00:00:37]} 18. gxh3 {[%clk 00:46:45]} {[%emt 00:00:34]} Rxh3
{[%clk 00:58:36]} {[%emt 00:00:12]} 19. Ke2 {[%clk 00:45:39]} {[%emt 00:01:21]}
d6 {[%clk 00:58:21]} {[%emt 00:00:31]} 20. Qf1 {[%clk 00:44:07]} {[%emt
00:01:47]} Bg4 {[%clk 00:58:17]} {[%emt 00:00:19]} 21. Bb3 {[%clk 00:43:26]}
{[%emt 00:00:54]} O-O-O {[%clk 00:57:52]} {[%emt 00:00:41]} 22. Qf2 {[%clk
00:41:57]} {[%emt 00:01:45]} Rf8 {[%clk 00:57:44]} {[%emt 00:00:23]} 23. Rf1
{[%clk 00:41:35]} {[%emt 00:00:37]} Qf4 {[%clk 00:57:00]} {[%emt 00:00:58]} 24.
b5 {[%clk 00:40:16]} {[%emt 00:01:34]} Nd8 {[%clk 00:56:43]} {[%emt 00:00:32]}
25. Qxa7 {[%clk 00:37:44]} {[%emt 00:02:46]} Bxf3+ {[%clk 00:55:55]} {[%emt
00:01:04]} 26. Ke1 {[%clk 00:36:21]} {[%emt 00:01:39]} Qg3+ {[%clk 00:55:27]}
{[%emt 00:00:42]} 27. Qf2 {[%clk 00:34:51]} {[%emt 00:01:45]} Qxf2+ {[%clk
00:55:06]} {[%emt 00:00:36]} 28. Rxf2 {[%clk 00:34:56]} {[%emt 00:00:10]} Rh1+
{[%clk 00:55:12]} {[%emt 00:00:09]} 29. Nf1 {[%clk 00:34:48]} {[%emt 00:00:24]}
Kd7 {[%clk 00:54:14]} {[%emt 00:01:13]} 30. Bd1 {[%clk 00:34:09]} {[%emt
00:00:54]} Ne6 {[%clk 00:53:39]} {[%emt 00:00:50]} 31. Bxf3 {[%clk 00:33:38]}
{[%emt 00:00:46]} Rh3 {[%clk 00:52:52]} {[%emt 00:01:03]} 32. Bg4 {[%clk
00:32:55]} {[%emt 00:00:58]} Rxf2 {[%clk 00:52:37]} {[%emt 00:00:29]} 33. Kxf2
{[%clk 00:32:39]} {[%emt 00:00:31]} Rxd3 {[%clk 00:52:40]} {[%emt 00:00:11]}
34. c4 {[%clk 00:32:18]} {[%emt 00:00:36]} Ke7 {[%clk 00:52:29]} {[%emt
00:00:27]} 35. Ne3 {[%clk 00:31:46]} {[%emt 00:00:46]} Rd2+ {[%clk 00:52:16]}
{[%emt 00:00:28]} 36. Kg3 {[%clk 00:30:33]} {[%emt 00:01:27]} Rxa2 {[%clk
00:52:03]} {[%emt 00:00:28]} 37. Kh4 {[%clk 00:30:04]} {[%emt 00:00:45]} Nf4
{[%clk 00:51:44]} {[%emt 00:00:35]} 38. Kg5 {[%clk 00:29:32]} {[%emt 00:00:46]}
Ra3 {[%clk 00:51:20]} {[%emt 00:00:40]} 39. Nf5+ {[%clk 00:28:50]} {[%emt
00:00:55]} Kd8 {[%clk 00:50:56]} {[%emt 00:00:40]} 40. Kf6 {[%clk 00:27:52]}
{[%emt 00:01:13]} Rc3 {[%clk 00:50:21]} {[%emt 00:00:51]} 41. Ne7 {[%clk
00:25:52]} {[%emt 00:02:15]} Rxc4 {[%clk 00:49:57]} {[%emt 00:00:39]} 42. Bd1
{[%clk 00:24:25]} {[%emt 00:01:40]} Rxe4 {[%clk 00:49:12]} {[%emt 00:01:01]}
43. Bf3 {[%clk 00:23:52]} {[%emt 00:00:48]} Rb4 {[%clk 00:48:36]} {[%emt
00:00:51]} 44. Bxb7 {[%clk 00:23:39]} {[%emt 00:00:28]} Rxb5 {[%clk 00:48:39]}
{[%emt 00:00:13]} 45. Bc6 {[%clk 00:23:24]} {[%emt 00:00:30]} Rb6 {[%clk
00:48:21]} {[%emt 00:00:33]} 46. Be4 {[%clk 00:22:57]} {[%emt 00:00:41]} d5+
{[%clk 00:47:37]} {[%emt 00:01:00]} 47. Kxe5 {[%clk 00:22:40]} {[%emt
00:00:32]} dxe4 {[%clk 00:47:21]} {[%emt 00:00:30]} 48. Kxf4 {[%clk 00:22:36]}
{[%emt 00:00:19]} Kxe7 {[%clk 00:47:25]} {[%emt 00:00:11]} 49. Kxe4 {[%clk
00:22:38]} {[%emt 00:00:13]} Rd6 {[%clk 00:47:39]} {[%emt 00:00:03]} 50. Ke5
{[%clk 00:22:32]} {[%emt 00:00:20]} c5 {[%clk 00:47:43]} {[%emt 00:00:12]} 51.
Ke4 {[%emt 00:00:24]} c4 {[%clk 00:47:51]} 52. Ke3 {[%clk 00:22:35]} {[%emt
00:00:10]} c3 {[%clk 00:47:57]} {[%emt 00:00:09]} 53. Ke4 {[%clk 00:22:27]}
{[%emt 00:00:22]} c2 {[%clk 00:48:01]} {[%emt 00:00:11]} 54. Ke5 {[%clk
00:22:37]} {[%emt 00:00:05]} c1=Q {[%clk 00:47:59]} {[%emt 00:00:17]} 55. Ke4
{[%clk 00:22:36]} {[%emt 00:00:16]} Qe1+ {[%clk 00:48:06]} {[%emt 00:00:08]}
56. Kf3 {[%clk 00:22:41]} {[%emt 00:00:10]} Rf6+ {[%clk 00:48:06]} {[%emt
00:00:15]} 57. Kg2 {[%clk 00:22:43]} {[%emt 00:00:12]} Qh4 {[%clk 00:47:43]}
{[%emt 00:00:39]} 58. Kg1 {[%clk 00:22:49]} {[%emt 00:00:09]} Qg3+ {[%clk
00:47:43]} {[%emt 00:00:15]} 59. Kh1 {[%clk 00:22:53]} {[%emt 00:00:10]} Rh6#
{[%clk 00:47:37]} {[%emt 00:00:07]} 0-1

[Event "DEM U8 2024"]
[Site "Willingen GER"]
[Date "2024.05.22"]
[Round "1"]
[White "Roscher, Simon"]
[Black "Sriram, Aumkar"]
[Result "1-0"]
[Termination "normal"]
[Board "8"]
[WhiteElo "1109"]
[BlackElo "1610"]
[WhiteClock "00:28:22"]
[BlackClock "00:20:20"]
[PlyCount "89"]
[WhiteFideId "34673130"]
[BlackFideId "33460477"]
[EventCountry "GER"]
[EventRounds "7"]
[EventType "swiss"]
[EventDate "2024.05.21"]

1. e4 {[%clk 01:00:26]} {[%emt 00:00:03]} e6 {[%clk 01:00:26]} {[%emt
00:00:04]} 2. d4 {[%clk 01:00:30]} {[%emt 00:00:06]} d5 {[%clk 01:00:39]}
{[%emt 00:00:08]} 3. e5 {[%clk 01:00:38]} {[%emt 00:00:07]} Bd7 {[%clk
01:00:47]} {[%emt 00:00:07]} 4. Nf3 {[%clk 01:00:41]} {[%emt 00:00:12]} a6
{[%clk 01:00:55]} {[%emt 00:00:07]} 5. c4 {[%clk 01:00:45]} {[%emt 00:00:11]}
dxc4 {[%clk 01:01:03]} {[%emt 00:00:07]} 6. Bxc4 {[%clk 01:00:49]} {[%emt
00:00:11]} Bc6 {[%clk 01:01:13]} {[%emt 00:00:05]} 7. Nc3 {[%clk 01:00:48]}
{[%emt 00:00:15]} Nd7 {[%clk 01:01:18]} {[%emt 00:00:10]} 8. O-O {[%clk
01:00:08]} {[%emt 00:00:56]} Nb6 {[%clk 01:00:16]} {[%emt 00:01:17]} 9. Bb3
{[%clk 01:00:12]} {[%emt 00:00:11]} Ne7 {[%clk 01:00:08]} {[%emt 00:00:22]} 10.
Re1 {[%clk 00:59:46]} {[%emt 00:00:42]} h6 {[%clk 00:59:57]} {[%emt 00:00:26]}
11. Qc2 {[%clk 00:59:18]} {[%emt 00:00:43]} g5 {[%clk 00:59:42]} {[%emt
00:00:30]} 12. Ne4 {[%clk 00:58:34]} {[%emt 00:00:58]} Ned5 {[%clk 00:54:27]}
{[%emt 00:05:32]} 13. Be3 {[%clk 00:56:32]} {[%emt 00:02:16]} Be7 {[%clk
00:52:11]} {[%emt 00:02:31]} 14. Nc5 {[%clk 00:54:46]} {[%emt 00:02:01]} g4
{[%clk 00:46:39]} {[%emt 00:05:48]} 15. Nd2 {[%clk 00:54:39]} {[%emt 00:00:23]}
h5 {[%emt 00:03:49]} 16. a4 {[%clk 00:51:50]} {[%emt 00:00:06]} h4 {[%clk
00:41:40]} {[%emt 00:04:35]} 17. a5 {[%clk 00:51:54]} {[%emt 00:00:12]} Nb4
{[%clk 00:41:09]} {[%emt 00:00:47]} 18. Qc3 {[%clk 00:50:31]} {[%emt 00:01:38]}
N6d5 {[%clk 00:39:49]} {[%emt 00:01:35]} 19. Bxd5 {[%clk 00:49:53]} {[%emt
00:00:53]} Nxd5 {[%clk 00:39:39]} {[%emt 00:00:25]} 20. Qb3 {[%clk 00:49:52]}
{[%emt 00:00:16]} Rb8 {[%clk 00:37:43]} {[%emt 00:02:11]} 21. Rac1 {[%clk
00:45:13]} {[%emt 00:04:53]} g3 {[%clk 00:35:40]} {[%emt 00:02:19]} 22. f3
{[%clk 00:43:17]} {[%emt 00:02:11]} gxh2+ {[%clk 00:35:16]} {[%emt 00:00:39]}
23. Kxh2 {[%clk 00:42:55]} {[%emt 00:00:37]} Bg5 {[%clk 00:33:11]} {[%emt
00:02:21]} 24. Nf1 {[%clk 00:42:20]} {[%emt 00:00:46]} Bf4+ {[%clk 00:31:47]}
{[%emt 00:01:42]} 25. Kh1 {[%clk 00:41:46]} {[%emt 00:00:48]} Qg5 {[%clk
00:29:33]} {[%emt 00:02:30]} 26. Nxa6 {[%clk 00:39:57]} {[%emt 00:02:04]} h3
{[%clk 00:27:58]} {[%emt 00:01:50]} 27. g4 {[%clk 00:37:32]} {[%emt 00:02:39]}
Nxe3 {[%clk 00:26:55]} {[%emt 00:01:18]} 28. Nxe3 {[%clk 00:34:38]} {[%emt
00:03:06]} Bxf3+ {[%clk 00:26:19]} {[%emt 00:00:53]} 29. Kg1 {[%clk 00:34:22]}
{[%emt 00:00:30]} Bxe3+ {[%clk 00:26:05]} {[%emt 00:00:31]} 30. Rxe3 {[%clk
00:34:15]} {[%emt 00:00:22]} Qxg4+ {[%clk 00:25:59]} {[%emt 00:00:21]} 31. Kf2
{[%clk 00:34:10]} {[%emt 00:00:20]} Qg2+ {[%clk 00:25:50]} {[%emt 00:00:24]}
32. Ke1 {[%clk 00:34:05]} {[%emt 00:00:19]} h2 {[%clk 00:25:52]} {[%emt
00:00:13]} 33. Nxc7+ {[%clk 00:34:03]} {[%emt 00:00:17]} Kf8 {[%clk 00:24:38]}
{[%emt 00:01:30]} 34. Nxe6+ {[%clk 00:32:58]} {[%emt 00:01:17]} fxe6 {[%clk
00:24:18]} {[%emt 00:00:37]} 35. Rxf3+ {[%clk 00:32:42]} {[%emt 00:00:31]} Ke7
{[%clk 00:23:45]} {[%emt 00:00:48]} 36. Qb4+ {[%clk 00:32:32]} {[%emt
00:00:25]} Ke8 {[%clk 00:23:28]} {[%emt 00:00:31]} 37. Qb5+ {[%clk 00:32:06]}
{[%emt 00:00:40]} Kd8 {[%clk 00:22:51]} {[%emt 00:00:53]} 38. Qb6+ {[%clk
00:31:41]} {[%emt 00:00:39]} Ke8 {[%clk 00:21:50]} {[%emt 00:01:17]} 39. Qxe6+
{[%clk 00:31:45]} {[%emt 00:00:12]} Kd8 {[%clk 00:21:43]} {[%emt 00:00:22]} 40.
Qf6+ {[%clk 00:30:47]} {[%emt 00:00:58]} Ke8 {[%clk 00:20:57]} {[%emt
00:01:16]} 41. Qxh8+ {[%clk 00:30:14]} {[%emt 00:00:47]} Kd7 {[%clk 00:20:39]}
{[%emt 00:00:33]} 42. Qh7+ {[%clk 00:29:13]} {[%emt 00:01:14]} Ke6 {[%clk
00:20:35]} {[%emt 00:00:21]} 43. Qf5+ {[%clk 00:28:56]} {[%emt 00:00:28]} Kd5
{[%clk 00:20:23]} {[%emt 00:00:30]} 44. e6+ {[%clk 00:28:45]} {[%emt 00:00:26]}
Kxd4 {[%clk 00:20:20]} {[%emt 00:00:18]} 45. Rd3# {[%clk 00:28:22]} {[%emt
00:00:23]} 1-0

[Event "DEM U8 2024"]
[Site "Willingen GER"]
[Date "2024.05.22"]
[Round "1"]
[White "White, William"]
[Black "Studdert, Levi"]
[Result "1-0"]
[Termination "normal"]
[Board "9"]
[WhiteElo "1330"]
[BlackElo "1109"]
[WhiteClock "00:15:35"]
[BlackClock "00:47:53"]
[PlyCount "51"]
[WhiteFideId "34669469"]
[BlackFideId "34672486"]
[EventCountry "GER"]
[EventRounds "7"]
[EventType "swiss"]
[EventDate "2024.05.21"]

1. e4 {[%clk 01:00:26]} {[%emt 00:00:03]} e5 {[%clk 01:00:19]} {[%emt
00:00:11]} 2. Nf3 {[%clk 01:00:02]} {[%emt 00:00:38]} Nc6 {[%clk 01:00:00]}
{[%emt 00:00:35]} 3. Bc4 {[%clk 00:57:44]} {[%emt 00:02:33]} Nf6 {[%clk
00:59:43]} {[%emt 00:00:32]} 4. Nc3 {[%clk 00:56:19]} {[%emt 00:01:41]} Nxe4
{[%clk 00:59:38]} {[%emt 00:00:19]} 5. Nxe4 {[%clk 00:54:51]} {[%emt 00:01:43]}
d5 {[%clk 00:58:41]} {[%emt 00:01:13]} 6. Bxd5 {[%clk 00:54:36]} {[%emt
00:00:30]} Qxd5 {[%clk 00:58:44]} {[%emt 00:00:11]} 7. Nc3 {[%clk 00:53:48]}
{[%emt 00:01:03]} Qe6 {[%clk 00:58:43]} {[%emt 00:00:13]} 8. O-O {[%clk
00:52:39]} {[%emt 00:01:26]} Bd6 {[%clk 00:58:37]} {[%emt 00:00:21]} 9. Re1
{[%clk 00:49:56]} {[%emt 00:02:59]} Bd7 {[%clk 00:54:30]} {[%emt 00:04:20]} 10.
d4 {[%clk 00:47:57]} {[%emt 00:02:16]} O-O-O {[%clk 00:54:08]} {[%emt
00:00:36]} 11. d5 {[%clk 00:41:07]} {[%emt 00:07:06]} Qg6 {[%clk 00:53:47]}
{[%emt 00:00:35]} 12. Nh4 {[%clk 00:39:19]} {[%emt 00:02:04]} Qf6 {[%clk
00:53:21]} {[%emt 00:00:40]} 13. dxc6 {[%clk 00:39:20]} {[%emt 00:00:16]} Bxc6
{[%clk 00:53:16]} {[%emt 00:00:19]} 14. Qg4+ {[%clk 00:37:40]} {[%emt
00:01:55]} Bd7 {[%clk 00:53:08]} {[%emt 00:00:21]} 15. Qg5 {[%clk 00:37:13]}
{[%emt 00:00:45]} Qxg5 {[%clk 00:52:15]} {[%emt 00:01:06]} 16. Bxg5 {[%clk
00:36:53]} {[%emt 00:00:37]} f6 {[%clk 00:51:48]} {[%emt 00:00:42]} 17. Bc1
{[%clk 00:36:05]} {[%emt 00:01:03]} Bc5 {[%clk 00:51:35]} {[%emt 00:00:28]} 18.
a3 {[%clk 00:31:07]} {[%emt 00:05:13]} Bc6 {[%clk 00:51:17]} {[%emt 00:00:32]}
19. b4 {[%clk 00:28:25]} {[%emt 00:02:58]} Bd4 {[%clk 00:50:57]} {[%emt
00:00:35]} 20. Bb2 {[%clk 00:27:05]} {[%emt 00:01:35]} Bb6 {[%clk 00:50:05]}
{[%emt 00:01:04]} 21. Rad1 {[%clk 00:24:14]} {[%emt 00:03:08]} Rxd1 {[%clk
00:49:16]} {[%emt 00:01:04]} 22. Rxd1 {[%clk 00:23:30]} {[%emt 00:00:59]} Bd4
{[%clk 00:48:59]} {[%emt 00:00:31]} 23. Nf5 {[%clk 00:21:07]} {[%emt 00:02:40]}
Bb6 {[%clk 00:48:31]} {[%emt 00:00:37]} 24. b5 {[%clk 00:15:34]} {[%emt
00:05:54]} Be8 {[%clk 00:48:03]} {[%emt 00:00:41]} 25. Ne7+ {[%clk 00:15:31]}
{[%emt 00:00:21]} Kb8 {[%clk 00:47:53]} {[%emt 00:00:25]} 26. Rd8# {[%clk
00:15:35]} {[%emt 00:00:11]} 1-0